000 004710000a22001690004500
003 MACL
005 20160224121340.0
008 160224b xxu||||| |||| 00| 0 eng d
040 _aMACL
_cMACL
041 _aHindi
082 _a800
100 _aलीलावती मुंशी
_939931
245 _aरेखाचित्र
260 _bकिताब महल
_c1952
_aइलाहाबाद
650 _aLiteracture
_939932
942 _cHIN
_k800
_2ddc
999 _c23327
_d23327